000
00245nam a2200097Ia 4500
001
1250271
005
20251031150853.0
008
251031s9999 xx 000 0 und d
245
0
_c
AHMET ÜMİT
_a
A-4 SOKAĞIN ZULASI
260
_b
EVEREST YAYINLARI
999
_c
1250271
_d
1250271